| 000 | 00620nam a22002057a 4500 | ||
|---|---|---|---|
| 999 |
_c19189 _d19189 |
||
| 003 | AR-CdUCM | ||
| 008 | 190516b ||||| |||| 00| 0 spa d | ||
| 040 |
_aMUNICIPALIDAD PROVINCIAL DEL CUSCO _cBIBLIOTECA MUNICIPAL DEL CUSCO |
||
| 082 |
_a985.54 / _bC82 |
||
| 100 |
_aCórtazar, Pedro Felipe _923946 |
||
| 110 |
_aInforme del Perú _940379 |
||
| 245 | _aDepartamento de Ayacucho : | ||
| 260 |
_aLima : _bLatinoamericana, _c1975. |
||
| 300 |
_a160 paginas ; _c21 cm. |
||
| 505 | _aContenido :Ayacucho / | ||
| 650 |
_aHistoria _9136 |
||
| 650 |
_aAyacucho _93896 |
||
| 942 |
_2ddc _cLIBROS |
||
| 945 |
_arjall _d2019-05-16 |
||